Proyecto de exportación a Centroamérica del calzado para dama del Grupo Bistyle, S.A. de C.V. /

Збережено в:
Бібліографічні деталі
Автор: Mendoza Solórzano, Génesis María (autor)
Інші автори: Gómez Oceguera, Georgina (autor) (autor)
Формат: Книга
Мова:Іспанська
Предмети:
Теги: Додати тег
Немає тегів, Будьте першим, хто поставить тег для цього запису!

MARC

LEADER 00000nam^a2200000^a^4500
001 000120371
005 20250521000000.0
009 20260310094348.318
037 |a Acervo ITESO - Biblioteca 
041 |a ESP 
090 |a CIN. 144 
100 |a Mendoza Solórzano, Génesis María  |e (autor) 
245 1 0 |a Proyecto de exportación a Centroamérica del calzado para dama del Grupo Bistyle, S.A. de C.V. /  |c G.M. Mendoza Solórzano, G. Gómez Oceguera. 
264 |a Guadalajara, México :  |b edición de autor,  |c 2001 
300 |a 165 p. 
336 |a texto  |b txt  |2 rdacontenido 
337 |a sin mediación  |b n  |2 rdamedio 
338 |a volumen  |b nc  |2 rdasoporte 
593 |a Tesis de Lic. en Comercio Internacional 
649 |a XX 
650 |a Importaciones -  |z América Central 
650 |a Exportaciones -  |z México 
650 |a Industria del Calzado -  |z Guadalajara, Jalisco 
650 |a Industria del Calzado -  |z México 
650 |a Comercio Internacional -  |z México-América Central 
650 |a Mercadotecnia 
650 |a Ciencias Administrativas 
650 |a Economía 
700 |a Gómez Oceguera, Georgina  |e (autor) 
910 |a Fondo General 
920 |a Impresos - Tesis del ITESO 
930 |a Colección General 
905 |a 104 
901 |a 0500055071  |b IT2  |c TSS  |u 20250521 
902 |a https://opac.biblio.iteso.mx/vufind/Record/000120371